000 01220nam a2200301Ia 4500
001 ebr10404888
003 CaPaEBR
006 m u
007 cr cn|||||||||
008 100429s2010 mdu sb 001 0 eng d
010 _z 2010927841
020 _z9780761852285 (paper : alk. paper)
040 _aCaPaEBR
_cCaPaEBR
035 _a(OCoLC)671956186
050 1 4 _aE185.86
_b.L447 2010eb
100 1 _aLee, Shayne.
245 1 0 _aErotic revolutionaries
_h[electronic resource] :
_bBlack women, sexuality, and popular culture /
_cShayne Lee.
260 _aLanham, MD :
_bHamilton Books,
_c2010.
300 _axvii, 145 p.
504 _aIncludes bibliographical references and index.
533 _aElectronic reproduction.
_bPalo Alto, Calif. :
_cebrary,
_d2010.
_nAvailable via World Wide Web.
_nAccess may be limited to ebrary affiliated libraries.
650 0 _aAfrican American women.
650 0 _aAfrican American women
_xSexual behavior.
650 0 _aAfrican American women in popular culture.
655 7 _aElectronic books.
_2local
710 2 _aebrary, Inc.
856 4 0 _uhttp://site.ebrary.com/lib/rucke/Doc?id=10404888
_zAn electronic book accessible through the World Wide Web; click to view
999 _c82061
_d82061